000 00611nam a2200181 a 4500
001 000021451
005 20200930011330.0
008 100908s1998 dr c 000 0 spa d
040 _aDO-SdBNP
_bspa
_cBNPHU
082 _a927.7293
_bL453h
245 0 0 _aHomenaje a Carlos Lebrón Saviñón :
_b61 años en el arte y la cultura.
260 _aSanto Domingo :
_b[s.n.],
_c1998.
300 _a103 p. :
_bretrs. ;
_c21 cm.
590 _aLa biblioteca posee 1 ejemplar autografiado por el autor
600 1 4 _aLEBRON SAVIÑON, CARLOS
_y1924-2004
_944746
910 _aValidado. Control de calidad BNPHU
049 _aBNPD
999 _c20951
_d20951